Central Library and Information Centre
Sibsagar Girls' College, Sivasagar : Assam

IMPORTANCE OF BEING EARNEST (Record no. 4525)

MARC details
000 -LEADER
fixed length control field 00431cam a2200181ua 4500
008 - FIXED-LENGTH DATA ELEMENTS--GENERAL INFORMATION
fixed length control field 120524n1992 II |||gr||||Z||||||eng
040 ## - CATALOGING SOURCE
Original cataloging agency MAIN
041 ## - LANGUAGE CODE
-- English
082 ## - DEWEY DECIMAL CLASSIFICATION NUMBER
Classification number 820 WIL
100 ## - MAIN ENTRY--PERSONAL NAME
Personal name WILDE, OSCARD.
245 ## - TITLE STATEMENT
Title IMPORTANCE OF BEING EARNEST
250 ## - EDITION STATEMENT
Edition statement 5TH.
260 ## - PUBLICATION, DISTRIBUTION, ETC.
Place of publication, distribution, etc. GUWAHATI
Name of publisher, distributor, etc. STUDENTS STORES
Date of publication, distribution, etc. 1992
300 ## - PHYSICAL DESCRIPTION
Extent 160:
Dimensions 20CM.
942 ## - ADDED ENTRY ELEMENTS (KOHA)
Koha item type Books
653 ## - INDEX TERM--UNCONTROLLED
Uncontrolled term English.& Old English literatures
Holdings
Withdrawn status Lost status Damaged status Not for loan Collection code Home library Current library Shelving location Date acquired Full call number Barcode Date last seen Copy number Price effective from Koha item type
        TBENG Central Library and Information Centre Sibsagar Girls College Central Library and Information Centre Sibsagar Girls College English Rack 06.06.1990 820 WIL 12889 27.02.2020 1 27.02.2020 Books


Sibsagar Girl's College © 2020. All rights reserved.
Powered by Koha.
Maintained by Abhijit Borpuzari.